'IN' Countries Quiz Stats

 Plays Quiz Updated Dec 27, 2018

Also try: 'I'-Less Countries
Challenge
Share
Tweet
Embed
Score 0/30 Timer 06:00
9 Plays Today
Region Country (listed alphabetically) % Correct
AsiaIndia
89.7%
South AmericaArgentina
84.4%
AsiaIndonesia
84.4%
AsiaChina
74.4%
EuropeFinland
70.6%
EuropeSpain
68.8%
EuropeUnited Kingdom
66.3%
North AmericaDominica
61.1%
North AmericaDominican Republic
60.6%
South AmericaSuriname
54.3%
AfricaGuinea
53.1%
AfricaBenin
52.6%
North AmericaTrinidad and Tobago
52.2%
North AmericaSaint Vincent and the Grenadines
49%
EuropeUkraine
48.3%
Region Country (listed alphabetically) % Correct
AfricaGuinea-Bissau
46.3%
OceaniaPapua New Guinea
44.2%
AfricaEquatorial Guinea
43.5%
EuropeLiechtenstein
43.4%
North AmericaSaint Kitts and Nevis
42.7%
EuropeBosnia and Herzegovina
41.7%
North AmericaSaint Lucia
40.6%
AsiaPhilippines
39.8%
AsiaSingapore
39.3%
EuropeSan Marino
39.2%
AsiaBahrain
37.4%
AfricaBurkina Faso
30.4%
AsiaPalestine
25.6%
AfricaSão Tomé and Príncipe
23.7%
AfricaeSwatini
21.1%

You're not logged in!

Compare scores with friends on all Sporcle quizzes.
OR
Log In

You Might Also Like...

Show Comments

Extras

Top Quizzes Today


Score Distribution

Your Account Isn't Verified!

In order to create a playlist on Sporcle, you need to verify the email address you used during registration. Go to your Sporcle Settings to finish the process.

Report this User

Report this user for behavior that violates our Community Guidelines.

Details: